[Event "13th ECC final"]
[Site "Kazan RUS"]
[Date "1997.12.28"]
[Round "1"]
[White "Petrosian, Arshak YRVN"]
[Black "Ibragimov, Ildar STKZ"]
[Result "0-1"]
[WhiteElo "2485"]
[BlackElo "2585"]
[EventDate "1997.??.??"]
[Annotator "Hecht"]
[PlyCount "84"]

1.Nf3 d5 2.g3 Nf6 3.Bg2 g6 4.d4 c6 5.O-O Bg7 6.c4 dxc4 7.a4 O-O 8.Na3 Na6 
9.Nxc4 Be6 10.b3 c5 11.Bb2 Rc8 12.Rc1 Bd5 13.e3 cxd4 14.Bxd4 Nc5 15.Bxc5 
Rxc5 16.Qe2 b6 17.Nfd2 Bxg2 18.Kxg2 Qa8+ 19.Qf3 Qxf3+ 20.Nxf3 Rfc8 21.Rcd1
R5c7 22.Rd3 Ne4 23.Rfd1 Bf6 24.Rd8+ Rxd8 25.Rxd8+ Kg7 26.Ra8 Nc5 27.Ncd2 
Rd7 28.Rc8 Rd3 29.Rc7 a5 30.Rc6 Nxb3 31.Nc4 Rc3 32.e4 Nd4 33.Nxd4 Bxd4 {# 
Starker Läufer, Mehrbauer, Fesselung} 34.e5 
    ( 34.Rc8 b5!? 
        ( 34...Rc2! 35.Kh3 Bxf2 36.Nxb6 Rxc8 37.Nxc8 Bc5 -+ )
    35.axb5 a4 36.Rc6 
        ( 36.b6 Bxb6 37.Nxb6 
            ( 37.Rb8 Rxc4 38.Rxb6 Rxe4 -+ )
        37...Rxc8 38.Nxc8 a3 -+ )
    36...a3 37.Nd2 Rd3?! 
        ( 37...Rxc6! 38.bxc6 Bb6 39.Nb3 Kf6 40.f4 Ke6 41.Kf3 Kd6 42.Ke2 
        Kxc6 43.Kd3 Kb5 -+ )
    38.Rc2 Bb2 39.b6 a2 40.b7 $132 )
34...g5 35.h3 h5 36.g4 h4 37.Kf1 Rxh3 38.Nxb6 Bxb6 39.Rxb6 Ra3 40.e6 Rxa4 
41.Rb5 Rxg4 42.Rxa5 h3 0-1

[Event "13th ECC qual. group 4"]
[Site "Parnu EST"]
[Date "1997.10.18"]
[Round "2"]
[White "Ekstroem, Roland ROCK"]
[Black "Koskinen, Henri ETVA"]
[Result "1-0"]
[WhiteElo "2475"]
[BlackElo "2290"]
[EventDate "1997.??.??"]
[PlyCount "81"]

1.e4 e5 2.Nc3 Nf6 3.Nf3 Nc6 4.Bb5 Bb4 5.O-O O-O 6.d3 d6 7.Ne2 Bg4 8.Bxc6 
bxc6 9.Ng3 Nh5 10.h3 Nxg3 11.fxg3 Bxf3 12.Qxf3 Qb8 13.Kh2 Bc5 14.b3 Bd4 
15.Rb1 Qb4 16.a4 Rab8 17.Be3 Qc5 18.Bxd4 Qxd4 19.Rf2 c5 20.Rbf1 c6 21.Qg4 
d5 22.Qe2 f6 23.Rd1 Rfd8 24.Rff1 Kh8 25.exd5 cxd5 26.Qh5 Rb7 27.Qf5 Re7 
28.g4 e4 29.dxe4 Qxe4 30.g5 Qxf5 31.Rxf5 Re5 32.Rdf1 Rxf5 33.Rxf5 fxg5 34.
Rf7 h6 35.Rxa7 d4 36.Rb7 d3 37.cxd3 Rxd3 38.a5 Rd2 39.Rc7 Rc2 40.b4 c4 41.
a6 1-0

[Event "13th ECC qual. group 7"]
[Site "Krynica POL"]
[Date "1997.09.15"]
[Round "1"]
[White "Goldin, Alexander EPTK"]
[Black "Macieja, Bartlomiej POLW"]
[Result "1-0"]
[WhiteElo "2595"]
[BlackElo "2470"]
[EventDate "1997.??.??"]
[Annotator "Baburin"]
[PlyCount "99"]

1.Nf3 c5 2.c4 Nc6 3.Nc3 g6 4.e3 d6 5.h3 Bg7 6.d4 cxd4 7.exd4 Nf6 8.d5 Nb8 
9.Be2 O-O 10.O-O Na6 11.Be3 Bd7 12.Nd4 Nc7 13.Qd2 a6 14.a4 a5 15.f4 Na6 
16.f5 Nc5 17.Qc2 Qb6 18.Rf3 Rae8 19.Ncb5 Qd8 20.Raf1 Nfe4 21.fxg6 hxg6 22.
Bd3 Nxd3 23.Qxd3 Nc5 24.Qc2 e5 25.dxe6 Nxe6 26.Qd2 Nxd4 27.Bxd4 Bxb5 28.
axb5 Qc7 29.Bxg7 Kxg7 30.Qd4+ Re5 31.Rf6 Rd8 32.Rxf7+ Qxf7 33.Rxf7+ Kxf7 
34.Qb6 Rd7 35.Qxa5 d5 36.c5 d4 37.c6 bxc6 38.Qa2+ Rdd5 39.bxc6 d3 40.c7 d2
41.c8=Q d1=Q+ 42.Kh2 {This is a rare material correlation. With three 
queens on the board the most important factor is king's safety. In this 
regard Black's position is really bad - his king is too exposed, while 
White's monarch is very safe. Therefore, Black has no chance to survive 
here. Of course, two extra pawns also help White.} 42...Qd4 43.Qd7+ Kf6 
44.Qa6+ Kg5 45.Qf7 Rd6 46.Qa3 Re3 47.Qa5+ Kh6 
    ( 47...Re5 48.Qc3 +- )
48.Qf8+ Kh7 49.Qg5 Rxh3+ 50.Kxh3 
    ( 50.gxh3? Qxb2+ 51.Kg3 Rd3+ 52.Kh4 Rd4+ 53.Kg3 Rd3+ = )
1-0